| 000 | 00363 a2200145 4500 | ||
|---|---|---|---|
| 999 |
_c4477 _d4477 |
||
| 020 | _a0582488834 | ||
| 050 | _aPL2862 SHA 2003 | ||
| 100 | _aShakespeare, William | ||
| 245 |
_aOthello / _cWilliam Shakespeare |
||
| 264 |
_aEssex _bLongman _c2003 |
||
| 300 | _avi, 296p. : | ||
| 500 | _aliterature | ||
| 650 | _aEuropean literature | ||
| 942 |
_2lcc _cBK _h2862 _iSHA _kPL |
||